000 00505cam a2200193ua 4500
001 1959
008 110806n ii |||gr||||Z||||||asm
020 _a81-85905-38-X
040 _cMAIN
082 _a370.1
100 _aSharma, hemkanta,
245 1 _aShiksha tattva aru shiksha monobigyan
_cby Hemkanta Sharma
250 _a10th.
260 _aGuahati:
_bStudents stores,999.
300 _a207p:
_bill;
_c23cm.
653 _aEducation
653 _aShiksha tattva aru shiksha monobigyan
942 _cBK
999 _c1834
_d1834